<?xml version="1.0" encoding="UTF-8"?><marc:collection xmlns:marc="http://www.loc.gov/MARC21/slim">
  <marc:record>
    <marc:leader>00000nam  2200000za 4500</marc:leader>
    <marc:controlfield tag="001">9.809115</marc:controlfield>
    <marc:controlfield tag="003">CaOODSP</marc:controlfield>
    <marc:controlfield tag="005">20221107140542</marc:controlfield>
    <marc:controlfield tag="007">cr |||||||||||</marc:controlfield>
    <marc:controlfield tag="008">160719s2015    qucd    os   f000 0 fre d</marc:controlfield>
    <marc:datafield tag="020" ind1=" " ind2=" ">
      <marc:subfield code="a">978-0-660-04237-4</marc:subfield>
    </marc:datafield>
    <marc:datafield tag="040" ind1=" " ind2=" ">
      <marc:subfield code="a">CaOODSP</marc:subfield>
      <marc:subfield code="b">fre</marc:subfield>
    </marc:datafield>
    <marc:datafield tag="043" ind1=" " ind2=" ">
      <marc:subfield code="a">n-cn---</marc:subfield>
    </marc:datafield>
    <marc:datafield tag="086" ind1="1" ind2=" ">
      <marc:subfield code="a">R3-178/2016F-PDF</marc:subfield>
    </marc:datafield>
    <marc:datafield tag="245" ind1="0" ind2="0">
      <marc:subfield code="a">Tendances en matière de scolarité et d'emploi chez les autochtones dans des villes choisies en 2011 </marc:subfield>
      <marc:subfield code="h">[ressource électronique].</marc:subfield>
    </marc:datafield>
    <marc:datafield tag="260" ind1=" " ind2=" ">
      <marc:subfield code="a">[Gatineau, QC] : </marc:subfield>
      <marc:subfield code="b">Affaires autochtones et du Nord Canada, </marc:subfield>
      <marc:subfield code="c">c2015.</marc:subfield>
    </marc:datafield>
    <marc:datafield tag="300" ind1=" " ind2=" ">
      <marc:subfield code="a">[4] p. (pages non numérotées)</marc:subfield>
    </marc:datafield>
    <marc:datafield tag="500" ind1=" " ind2=" ">
      <marc:subfield code="a">Publ. aussi en anglais sous le titre : Indigenous education and employment trends in selected cities, 2011.</marc:subfield>
    </marc:datafield>
    <marc:datafield tag="500" ind1=" " ind2=" ">
      <marc:subfield code="a">Cette étude est la cinquième d’une série de rapports basés sur les recensements de 1991, de 1996, de 2001 et de 2006 et sur l’Enquête nationale auprès des ménages de 2011. Pour le quatrième rapport, veuillez voir R3-178/2013F-PDF.</marc:subfield>
    </marc:datafield>
    <marc:datafield tag="520" ind1=" " ind2=" ">
      <marc:subfield code="a">La population urbaine autochtone adulte a cru tant en chiffres absolus qu’en proportion de la population adulte totale entre 2006 et 2011. La proportion de la population autochtone détenant un titre postsecondaire était plus élevé dans les grandes villes qu’ailleurs au Canada et a atteint 45 %. Malgré cela, le pourcentage de la population autochtone urbaine possédant un certificat ou un grade universitaire est demeuré moindre que celui de la population générale. Les niveaux de scolarité chez les Autochtones étaient plus élevés dans les villes de l’est et du centre du Canada que dans celles de l’ouest. L’écart dans la scolarité postsecondaire entre les populations autochtones et non autochtones est aussi moindre dans les villes de l’est et du centre du Canada, et plus important dans celles des Prairies. Des écarts ont été observés entre les groupes d’identité autochtones, mais ils étaient moindres qu’entre les populations autochtones et non autochtones. Des niveaux de scolarité plus élevés, en particulier les titres universitaires, étaient fortement associés à des taux d’emploi supérieurs, à une plus grande parité entre populations autochtones et non autochtones et entre les hommes et les femmes.</marc:subfield>
    </marc:datafield>
    <marc:datafield tag="692" ind1="0" ind2="7">
      <marc:subfield code="2">gccst</marc:subfield>
      <marc:subfield code="a">Autochtones</marc:subfield>
    </marc:datafield>
    <marc:datafield tag="692" ind1="0" ind2="7">
      <marc:subfield code="2">gccst</marc:subfield>
      <marc:subfield code="a">Communauté urbaine</marc:subfield>
    </marc:datafield>
    <marc:datafield tag="692" ind1="0" ind2="7">
      <marc:subfield code="2">gccst</marc:subfield>
      <marc:subfield code="a">Éducation / Enseignement</marc:subfield>
    </marc:datafield>
    <marc:datafield tag="692" ind1="0" ind2="7">
      <marc:subfield code="2">gccst</marc:subfield>
      <marc:subfield code="a">Emploi</marc:subfield>
    </marc:datafield>
    <marc:datafield tag="692" ind1="0" ind2="7">
      <marc:subfield code="2">gccst</marc:subfield>
      <marc:subfield code="a">Statistiques</marc:subfield>
    </marc:datafield>
    <marc:datafield tag="710" ind1="1" ind2=" ">
      <marc:subfield code="a">Canada. </marc:subfield>
      <marc:subfield code="b">Affaires autochtones et du Nord Canada.</marc:subfield>
    </marc:datafield>
    <marc:datafield tag="775" ind1="0" ind2="8">
      <marc:subfield code="t">Indigenous education and employment trends in selected cities, 2011 </marc:subfield>
      <marc:subfield code="w">(CaOODSP)9.809114</marc:subfield>
    </marc:datafield>
    <marc:datafield tag="856" ind1="4" ind2="0">
      <marc:subfield code="q">PDF</marc:subfield>
      <marc:subfield code="s">367 Ko</marc:subfield>
      <marc:subfield code="u">https://publications.gc.ca/collections/collection_2016/aanc-inac/R3-178-2016-fra.pdf</marc:subfield>
    </marc:datafield>
    <marc:datafield tag="986" ind1=" " ind2=" ">
      <marc:subfield code="a">QS-7133-000-FF-A1</marc:subfield>
    </marc:datafield>
  </marc:record>
</marc:collection>
